[Event "I SCS Open GM Chess Tournament"]
[Site "Bhubaneswar IND"]
[Date "2009.06.13"]
[Round "9"]
[White "Bhuvanesh R, Ramnath"]
[Black "Roy, Saptarshi"]
[Result "0-1"]
[WhiteElo "2273"]
[BlackElo "2396"]
[PlyCount "68"]
[EventDate "2009.06.07"]
[EventType "swiss"]
[EventRounds "10"]
[EventCountry "IND"]
[Source "lmi"]
[SourceDate "2009.06.07"]

1. e4 c5 2. Nf3 a6 3. Nc3 b5 4. d4 cxd4 5. Nxd4 Bb7 6. Be2 b4 7. Na4 e5 8. Nf5
Bxe4 9. Bf3 Bxf3 10. Qxf3 Nc6 11. Be3 g6 12. Ng3 Qf6 13. Qe2 Qe6 14. Ne4 d5 15.
Ng5 Qf6 16. f4 e4 17. c4 bxc3 18. Nxc3 Bb4 19. O-O Nge7 20. Rad1 Bxc3 21. bxc3
Qxc3 22. Rc1 Qf6 23. Bd2 O-O 24. Bc3 Qd6 25. Qf2 f6 26. Nh3 d4 27. Rfd1 Rad8
28. Ba1 e3 29. Qe2 Qe6 30. Kh1 Qd5 31. Rd3 Nf5 32. a3 Rfe8 33. Ng1 Re4 34. Qf3
Nh4 0-1

[Event "I SCS Open GM Chess Tournament"]
[Site "Bhubaneswar IND"]
[Date "2009.06.14"]
[Round "10"]
[White "Igor, Kurnosov"]
[Black "Georgy, Timoshenko"]
[Result "1/2-1/2"]
[WhiteElo "2658"]
[BlackElo "2550"]
[PlyCount "97"]
[EventDate "2009.06.07"]
[EventType "swiss"]
[EventRounds "10"]
[EventCountry "IND"]
[Source "lmi"]
[SourceDate "2009.06.07"]

1. e4 e6 2. d4 d5 3. Nc3 Nc6 4. e5 f6 5. Nf3 Qe7 6. Bd3 Qf7 7. O-O Bd7 8. a3
O-O-O 9. b4 Nge7 10. b5 Na5 11. Bd2 Ng6 12. Nxd5 exd5 13. Bxa5 Nf4 14. Re1 Qh5
15. Bf1 Bg4 16. Qd2 Nh3+ 17. gxh3 Bxf3 18. Qf4 fxe5 19. Qxe5 Qg6+ 20. Qg3 Bd6
21. Qxg6 hxg6 22. Bg2 Rdf8 23. Re6 Bxg2 24. Kxg2 Rf6 25. Rxf6 gxf6 26. Bb4 Kd7
27. Re1 Rh4 28. c3 Rh8 29. Re3 g5 30. Kf1 b6 31. Kg2 a6 32. Bxd6 Kxd6 33. bxa6
Ra8 34. h4 gxh4 35. Kh3 Rxa6 36. Kxh4 Rxa3 37. Kg4 Ra2 38. Kg3 f5 39. h4 f4+
40. Kxf4 Rxf2+ 41. Kg3 Rf1 42. h5 Rh1 43. Kg4 c5 44. Kg5 Rg1+ 45. Kf6 Rf1+ 46.
Kg6 Rg1+ 47. Kf7 Rf1+ 48. Kg6 Rg1+ 49. Kf7 1/2-1/2

[Event "I SCS Open GM Chess Tournament"]
[Site "Bhubaneswar IND"]
[Date "2009.06.14"]
[Round "10"]
[White "Yuri, Drozdovskij"]
[Black "Yaroslav, Zinchenko"]
[Result "1-0"]
[WhiteElo "2603"]
[BlackElo "2531"]
[PlyCount "66"]
[EventDate "2009.06.07"]
[EventType "swiss"]
[EventRounds "10"]
[EventCountry "IND"]
[Source "lmi"]
[SourceDate "2009.06.07"]

1. Nf3 Nf6 2. c4 g6 3. Nc3 d5 4. cxd5 Nxd5 5. Qa4+ Bd7 6. Qh4 Nxc3 7. bxc3 e6
8. Qxd8+ Kxd8 9. Rb1 b6 10. d4 f6 11. e4 Bc6 12. Bd3 Nd7 13. O-O Bb7 14. Be3
Ke8 15. Nd2 Kf7 16. f4 f5 17. d5 Bc5 18. Rbe1 exd5 19. exf5 Bxe3+ 20. Rxe3 Rae8
21. fxg6+ hxg6 22. Rg3 Rhg8 23. Nf3 Kf6 24. Ne5 Nxe5 25. fxe5+ Kxe5 26. Bxg6
Ref8 27. Re1+ Kd6 28. h4 Bc8 29. Rg5 Be6 30. h5 Rf6 31. g4 c5 32. Kg2 b5 33.
Kg3 a5 1-0

[Event "I SCS Open GM Chess Tournament"]
[Site "Bhubaneswar IND"]
[Date "2009.06.14"]
[Round "10"]
[White "Abhijeet, Gupta"]
[Black "M  S, Thejkumar"]
[Result "0-1"]
[WhiteElo "2570"]
[BlackElo "2420"]
[PlyCount "110"]
[EventDate "2009.06.07"]
[EventType "swiss"]
[EventRounds "10"]
[EventCountry "IND"]
[Source "lmi"]
[SourceDate "2009.06.07"]

1. d4 Nf6 2. c4 c5 3. d5 e6 4. Nc3 exd5 5. cxd5 Bd6 6. g3 O-O 7. Bg2 Re8 8. Nh3
Be5 9. O-O d6 10. Nf4 Bf5 11. f3 h6 12. e4 Bh7 13. Nd3 Bd4+ 14. Kh1 c4 15. Ne1
Bb6 16. Qa4 Nbd7 17. Qxc4 Rc8 18. Qe2 Ba5 19. Nb5 Qb6 20. Be3 Qa6 21. a4 Nc5
22. Nd3 Nxd3 23. Qxd3 Bb4 24. Qb3 Bc5 25. Rfc1 Nd7 26. Bxc5 Rxc5 27. Rxc5 Nxc5
28. Qe3 Re7 29. b4 Nxa4 30. Bf1 Qb6 31. Qc1 f5 32. Rxa4 fxe4 33. Rxa7 Bg6 34.
f4 Qf2 35. Ra1 e3 36. Bg2 e2 37. Qe1 Qb6 38. Nc3 Qxb4 39. Nxe2 Qb2 40. Bf3 Bd3
41. Qc3 Rxe2 42. Ra8+ Kf7 43. Qxb2 Rxb2 44. Bh5+ g6 45. Bf3 Rf2 46. Bg4 Be4+
47. Kg1 Rg2+ 48. Kf1 Rxh2 49. Be6+ Ke7 50. Rb8 Rb2 51. Rh8 b5 52. Rh7+ Ke8 53.
Rh8+ Ke7 54. Rh7+ Kf8 55. g4 Rb3 0-1

[Event "I SCS Open GM Chess Tournament"]
[Site "Bhubaneswar IND"]
[Date "2009.06.14"]
[Round "10"]
[White "Andrey, Rychagov"]
[Black "Roman, Ovetchkin"]
[Result "1-0"]
[WhiteElo "2530"]
[BlackElo "2549"]
[PlyCount "61"]
[EventDate "2009.06.07"]
[EventType "swiss"]
[EventRounds "10"]
[EventCountry "IND"]
[Source "lmi"]
[SourceDate "2009.06.07"]

1. d4 Nf6 2. c4 e6 3. Nf3 d5 4. Nc3 c6 5. Bg5 h6 6. Bh4 dxc4 7. e4 g5 8. Bg3 b5
9. Be2 Bb7 10. Ne5 h5 11. h4 g4 12. O-O Nbd7 13. Qc2 Nxe5 14. Bxe5 Bg7 15. b3
cxb3 16. axb3 O-O 17. Bg3 Qxd4 18. Rfd1 Qb6 19. e5 Nd5 20. Ne4 Rfd8 21. Ng5 Kf8
22. Bf1 Ne7 23. Qh7 Nf5 24. Qxh5 Qc7 25. Bd3 Qe7 26. Bf4 Rd5 27. Nh7+ Kg8 28.
Bg5 Qb4 29. Nf6+ Kf8 30. Bxf5 exf5 31. Qh7 1-0

[Event "I SCS Open GM Chess Tournament"]
[Site "Bhubaneswar IND"]
[Date "2009.06.14"]
[Round "10"]
[White "Evgeny E, Vorobiov"]
[Black "Anuar, Ismagambetov"]
[Result "1/2-1/2"]
[WhiteElo "2596"]
[BlackElo "2525"]
[PlyCount "55"]
[EventDate "2009.06.07"]
[EventType "swiss"]
[EventRounds "10"]
[EventCountry "IND"]
[Source "lmi"]
[SourceDate "2009.06.07"]

1. e4 c6 2. Nc3 d5 3. Nf3 Bg4 4. h3 Bxf3 5. Qxf3 dxe4 6. Nxe4 Nd7 7. Qe2 e6 8.
g3 Ngf6 9. Bg2 Nxe4 10. Qxe4 Nf6 11. Qc4 Bd6 12. O-O a5 13. d4 O-O 14. c3 Qc7
15. Bg5 Nd5 16. Rae1 Rfe8 17. Re2 h6 18. Bc1 Rad8 19. a4 Be7 20. Rfe1 Rd7 21.
h4 Bf6 22. Be4 h5 23. Kg2 g6 24. Qd3 Bg7 25. Bg5 Rf8 26. Qf3 b5 27. Rc1 Qb6 28.
axb5 1/2-1/2

[Event "I SCS Open GM Chess Tournament"]
[Site "Bhubaneswar IND"]
[Date "2009.06.14"]
[Round "10"]
[White "Enamul, Hossain"]
[Black "Devaki V, Prasad"]
[Result "1-0"]
[WhiteElo "2531"]
[BlackElo "2388"]
[PlyCount "59"]
[EventDate "2009.06.07"]
[EventType "swiss"]
[EventRounds "10"]
[EventCountry "IND"]
[Source "lmi"]
[SourceDate "2009.06.07"]

1. e4 c6 2. d4 d5 3. f3 e5 4. dxe5 Bc5 5. Bd3 Be6 6. Qe2 Qb6 7. Kf1 Ne7 8. Nc3
Nd7 9. f4 dxe4 10. Nxe4 O-O-O 11. Nf3 h5 12. a3 a5 13. b4 axb4 14. axb4 Qxb4
15. Bd2 Qb2 16. Qe1 Nd5 17. f5 Bxf5 18. Nxc5 Bxd3+ 19. Nxd3 Qxc2 20. Qe4 N7b6
21. Rc1 Qb3 22. Kf2 g6 23. Nc5 Qa2 24. Ra1 Qc4 25. Rhc1 Qxe4 26. Nxe4 Kc7 27.
Nd6 Rd7 28. Nd4 Ra8 29. Rxa8 Nxa8 30. Rb1 1-0

[Event "I SCS Open GM Chess Tournament"]
[Site "Bhubaneswar IND"]
[Date "2009.06.14"]
[Round "10"]
[White "Das, Neelotpal"]
[Black "Srinath, Narayanan"]
[Result "1/2-1/2"]
[WhiteElo "2514"]
[BlackElo "2381"]
[PlyCount "126"]
[EventDate "2009.06.07"]
[EventType "swiss"]
[EventRounds "10"]
[EventCountry "IND"]
[Source "lmi"]
[SourceDate "2009.06.07"]

1. e4 c5 2. Nc3 d6 3. Nf3 Nf6 4. d4 cxd4 5. Nxd4 a6 6. Be3 e5 7. Nf3 Be7 8. Bc4
O-O 9. O-O Nc6 10. Qd3 Na5 11. Bb3 Nxb3 12. axb3 h6 13. h3 Rb8 14. Ba7 Ra8 15.
Be3 Rb8 16. Nh2 Be6 17. Rfd1 Qc8 18. Nf1 Rd8 19. Ba7 Ra8 20. Bb6 Rd7 21. Ne3
Qc6 22. Ba5 Rc8 23. Ncd5 Bxd5 24. exd5 Qc5 25. b4 Qa7 26. b5 axb5 27. Bb4 Qb6
28. Ra5 Rdc7 29. c3 g6 30. Rda1 Rd7 31. Rxb5 Qd8 32. Nc4 Rb8 33. Ra7 Nh5 34. g3
b6 35. Ra6 Rdb7 36. Kg2 Nf6 37. Nxb6 Ne8 38. Ba5 Nc7 39. Na8 Rxb5 40. Bxc7 e4
41. Qxe4 Qc8 42. Bxb8 Rxb8 43. Rc6 Qd8 44. Nb6 Rxb6 45. Rxb6 Qxb6 46. Qxe7 Qxb2
47. Qxd6 Qxc3 48. Qc6 Qd2 49. d6 Kf8 50. h4 h5 51. Kg1 Qd1+ 52. Kh2 Qd2 53. Kg2
Qd1 54. Qc8+ Kg7 55. Qc3+ Kh7 56. Qc6 Kg7 57. d7 Qd4 58. Kg1 Qd1+ 59. Kh2 Qd2
60. Kh3 Qd1 61. Kg2 Qd4 62. Qb7 Qd2 63. Qc6 Qd4 1/2-1/2

[Event "I SCS Open GM Chess Tournament"]
[Site "Bhubaneswar IND"]
[Date "2009.06.14"]
[Round "10"]
[White "Roy, Saptarshi"]
[Black "Rustam, Khusnutdinov"]
[Result "0-1"]
[WhiteElo "2396"]
[BlackElo "2507"]
[PlyCount "62"]
[EventDate "2009.06.07"]
[EventType "swiss"]
[EventRounds "10"]
[EventCountry "IND"]
[Source "lmi"]
[SourceDate "2009.06.07"]

1. e4 e6 2. d4 d5 3. Nc3 Nf6 4. Bg5 Bb4 5. Nge2 Nc6 6. e5 h6 7. Bd2 Nd7 8. a3
Be7 9. Be3 O-O 10. Qd2 b6 11. b4 Ncb8 12. f4 c5 13. b5 a6 14. g3 axb5 15. Nxb5
Nc6 16. Bg2 Ba6 17. Nbc3 Bxe2 18. Nxe2 cxd4 19. Nxd4 Nxd4 20. Bxd4 Bxa3 21. O-O
Bc5 22. Rxa8 Qxa8 23. c4 Qa5 24. Qd3 Qb4 25. Rd1 dxc4 26. Qe4 b5 27. Bf1 Bxd4+
28. Rxd4 Nc5 29. Qc6 Qa3 30. Rd1 Qe3+ 31. Kg2 Ne4 0-1

[Event "I SCS Open GM Chess Tournament"]
[Site "Bhubaneswar IND"]
[Date "2009.06.14"]
[Round "10"]
[White "Tejas, Bakre"]
[Black "Nikil P, Shyam"]
[Result "1-0"]
[WhiteElo "2452"]
[BlackElo "2376"]
[PlyCount "61"]
[EventDate "2009.06.07"]
[EventType "swiss"]
[EventRounds "10"]
[EventCountry "IND"]
[Source "lmi"]
[SourceDate "2009.06.07"]

1. c4 e5 2. Nc3 Nf6 3. Nf3 Nc6 4. g3 Bb4 5. Nd5 Bc5 6. Bg2 e4 7. Ng5 Nxd5 8.
Nxe4 Nb6 9. Nxc5 Nxc4 10. O-O Nb6 11. b4 Qe7 12. a3 a5 13. Bb2 f6 14. d4 axb4
15. axb4 Rxa1 16. Qxa1 Nxb4 17. Nxb7 O-O 18. Ba3 Bxb7 19. Bxb7 Rb8 20. Bf3 c6
21. Rb1 Nc4 22. Qa2 d5 23. Bxb4 Rxb4 24. Qa8+ Kf7 25. Rxb4 Qxb4 26. Qxc6 Qe1+
27. Kg2 Nd2 28. Bxd5+ Kg6 29. Qe8+ Kh6 30. Qe3+ g5 31. h4 1-0

[Event "I SCS Open GM Chess Tournament"]
[Site "Bhubaneswar IND"]
[Date "2009.06.14"]
[Round "10"]
[White "M R, Venkatesh"]
[Black "Rahul, Sangma"]
[Result "0-1"]
[WhiteElo "2432"]
[BlackElo "2312"]
[PlyCount "66"]
[EventDate "2009.06.07"]
[EventType "swiss"]
[EventRounds "10"]
[EventCountry "IND"]
[Source "lmi"]
[SourceDate "2009.06.07"]

1. e4 e6 2. d4 d5 3. Nd2 Nf6 4. e5 Nfd7 5. Bd3 c5 6. c3 Nc6 7. Ngf3 Qb6 8. O-O
cxd4 9. cxd4 Nxd4 10. Nxd4 Qxd4 11. Nf3 Qb6 12. Qa4 Qb4 13. Qc2 Nc5 14. Bd2 Qa4
15. b3 Qd7 16. Nd4 Nxd3 17. Qxd3 Bc5 18. Ne2 O-O 19. Ng3 Qe7 20. Nh5 Qh4 21.
Nf4 a5 22. g3 Qe7 23. Nh5 b6 24. Bh6 Ba6 25. Qc2 Rfc8 26. Nxg7 Bxf1 27. Qd2 Bb4
28. Qf4 Be2 29. Qe3 Rc2 30. Bg5 Qc5 31. Qf4 Bd2 32. Qf6 Qc3 33. Rd1 Rc1 0-1

[Event "I SCS Open GM Chess Tournament"]
[Site "Bhubaneswar IND"]
[Date "2009.06.14"]
[Round "10"]
[White "Sergei, Tiviakov"]
[Black "Abdul Malek, Mohammed"]
[Result "1-0"]
[WhiteElo "2697"]
[BlackElo "2279"]
[PlyCount "53"]
[EventDate "2009.06.07"]
[EventType "swiss"]
[EventRounds "10"]
[EventCountry "IND"]
[Source "lmi"]
[SourceDate "2009.06.07"]

1. e4 d6 2. d4 Nf6 3. Nc3 g6 4. Bg5 Bg7 5. Qd2 h6 6. Bh4 g5 7. Bg3 Nh5 8. O-O-O
Nd7 9. e5 Nxg3 10. hxg3 dxe5 11. dxe5 Bxe5 12. f4 gxf4 13. gxf4 Bg7 14. Rh3 c6
15. Rg3 Bf6 16. Ne4 Qb6 17. Rb3 Qc7 18. Nh3 Bg7 19. Rg3 Kf8 20. Nc5 Qd6 21. Qb4
Nxc5 22. Rxd6 exd6 23. Nf2 Rg8 24. Re3 a5 25. Qb6 Bd4 26. Qd8+ Kg7 27. Rg3+ 1-0

[Event "I SCS Open GM Chess Tournament"]
[Site "Bhubaneswar IND"]
[Date "2009.06.14"]
[Round "10"]
[White "R R, Laxman"]
[Black "Atanu, Lahiri"]
[Result "1/2-1/2"]
[WhiteElo "2521"]
[BlackElo "2332"]
[PlyCount "56"]
[EventDate "2009.06.07"]
[EventType "swiss"]
[EventRounds "10"]
[EventCountry "IND"]
[Source "lmi"]
[SourceDate "2009.06.07"]

1. d4 Nf6 2. Nf3 g6 3. Bg5 Bg7 4. Nbd2 O-O 5. e4 d5 6. Bxf6 Bxf6 7. c3 Bg7 8.
exd5 Qxd5 9. Bc4 Qd8 10. O-O Nd7 11. Re1 c5 12. Ne4 cxd4 13. Nxd4 Qc7 14. Bb3
Nc5 15. Nxc5 Qxc5 16. Qf3 a5 17. a4 Ra6 18. Nb5 e6 19. Rad1 Rc6 20. Bc2 Qe7 21.
Qe3 b6 22. Rd2 Ba6 23. Nd4 Rd6 24. Red1 Bxd4 25. Rxd4 Rfd8 26. Qe5 Rxd4 27.
Rxd4 Rxd4 28. Qxd4 Qg5 1/2-1/2

[Event "I SCS Open GM Chess Tournament"]
[Site "Bhubaneswar IND"]
[Date "2009.06.14"]
[Round "10"]
[White "Subbaraman, Meenakshi"]
[Black "Amon, Simutowe"]
[Result "1-0"]
[WhiteElo "2303"]
[BlackElo "2486"]
[PlyCount "28"]
[EventDate "2009.06.07"]
[EventType "swiss"]
[EventRounds "10"]
[EventCountry "IND"]
[Source "lmi"]
[SourceDate "2009.06.07"]

1. d4 Nf6 2. c4 e6 3. Nf3 c6 4. Nc3 d5 5. cxd5 cxd5 6. Bf4 a6 7. e3 Nh5 8. Bg5
Qb6 9. Bd3 Qxb2 10. O-O Bd7 11. Ne5 Nf6 12. Na4 Qb4 13. Nxd7 Nbxd7 14. Rb1 Bd6
1-0

[Event "I SCS Open GM Chess Tournament"]
[Site "Bhubaneswar IND"]
[Date "2009.06.14"]
[Round "10"]
[White "Banerjee, Bitan"]
[Black "Chakkravarthy J, Deepan"]
[Result "0-1"]
[WhiteElo "2301"]
[BlackElo "2482"]
[PlyCount "50"]
[EventDate "2009.06.07"]
[EventType "swiss"]
[EventRounds "10"]
[EventCountry "IND"]
[Source "lmi"]
[SourceDate "2009.06.07"]

1. d4 e6 2. c4 b6 3. Nc3 Bb7 4. Nf3 Nf6 5. g3 Bb4 6. Bg2 O-O 7. O-O Bxc3 8.
bxc3 d6 9. a4 Na6 10. Nd2 e5 11. Re1 Re8 12. Ba3 c5 13. d5 g6 14. Bc1 Kg7 15.
Nf1 Qd7 16. Ne3 Ng4 17. f3 Nf6 18. Ra3 Rf8 19. g4 Rh8 20. Bd2 Kf8 21. g5 Qd8
22. h4 Bc8 23. h5 Bf5 24. Ra2 Kg7 25. Bf1 b5 0-1

[Event "I SCS Open GM Chess Tournament"]
[Site "Bhubaneswar IND"]
[Date "2009.06.14"]
[Round "10"]
[White "Prasanna  V, Vishnu"]
[Black "Chowdhury, Roy"]
[Result "1/2-1/2"]
[WhiteElo "2286"]
[BlackElo "2469"]
[PlyCount "55"]
[EventDate "2009.06.07"]
[EventType "swiss"]
[EventRounds "10"]
[EventCountry "IND"]
[Source "lmi"]
[SourceDate "2009.06.07"]

1. e4 b6 2. d4 Bb7 3. Bd3 e6 4. Nf3 d6 5. a4 Nd7 6. Nc3 g6 7. O-O Bg7 8. Be3
Ne7 9. Qd2 O-O 10. Bh6 e5 11. d5 a5 12. Be2 Nf6 13. Bxg7 Kxg7 14. g3 Bc8 15.
Nh4 Bh3 16. Ng2 Nd7 17. Rae1 h5 18. f4 h4 19. Rf2 hxg3 20. hxg3 Bxg2 21. Kxg2
Rh8 22. Rh1 Rxh1 23. Kxh1 Ng8 24. f5 Qe7 25. Bd1 Ndf6 26. g4 Nh7 27. Rh2 Ng5
28. Qf2 1/2-1/2

[Event "I SCS Open GM Chess Tournament"]
[Site "Bhubaneswar IND"]
[Date "2009.06.14"]
[Round "10"]
[White "Mokal, Amrutha"]
[Black "K, Rathnakaran"]
[Result "0-1"]
[WhiteElo "2155"]
[BlackElo "2427"]
[PlyCount "52"]
[EventDate "2009.06.07"]
[EventType "swiss"]
[EventRounds "10"]
[EventCountry "IND"]
[Source "lmi"]
[SourceDate "2009.06.07"]

1. e4 e6 2. d4 d5 3. e5 c5 4. c3 Nc6 5. Nf3 Bd7 6. Be2 f6 7. O-O Qc7 8. c4 fxe5
9. Nxe5 Nxe5 10. dxe5 d4 11. Re1 O-O-O 12. Na3 a6 13. Bg4 Ne7 14. Qf3 Nc6 15.
Bf4 Be7 16. h4 Rdf8 17. Qg3 Bxh4 18. Qxh4 Rxf4 19. Qh3 Nd8 20. Nb1 h5 21. f3
Rff8 22. Bxh5 g6 23. Nd2 Rxh5 24. Qg3 Nc6 25. Qxg6 Rhf5 26. g4 Nxe5 0-1